[Event "Brandenburg Seniors op 08th"]
[Site "Uckley"]
[Date "1999.09.23"]
[Round "6"]
[White "Delander, Adolf"]
[Black "Meiling, Hermann"]
[Result "0-1"]
[WhiteElo "1661"]
[BlackElo "1956"]
[PlyCount "52"]
[EventDate "1999.09.??"]
[EventType "swiss"]
[EventRounds "7"]
[EventCountry "GER"]
[SourceTitle "EXT 2006"]
[Source "ChessBase"]
[SourceDate "2005.11.24"]
[SourceVersion "1"]
[SourceVersionDate "2005.11.24"]
[SourceQuality "1"]

1. d4 d5 2. c4 Bf5 3. Nc3 e6 4. Nf3 c6 5. cxd5 exd5 6. Bg5 Qb6 7. Qb3 Nd7 8. Qxb6 axb6 9. b3 b5 10. h3 Ngf6 11. Bd2 Ba3 12. Nd1 Ne4 13. Nh4 Nxd2 14. Kxd2 Be6 15. e3 Nf6 16. Bd3 Ne4+ 17. Bxe4 dxe4 18. g4 Be7 19. Nf5 Bxb3 20. Nc3 Bd5 21. Nxd5 cxd5 22. Nxg7+ Kd7 23. Nf5 Bb4+ 24. Kc2 Rhc8+ 25. Kb3 Ba3 26. Rac1 b4 0-1

[Event "Brandenburg-ch Seniors 07th"]
[Site "Uckley"]
[Date "1999.??.??"]
[Round "7"]
[White "Augustat, Siegfried"]
[Black "Meiling, Hermann"]
[Result "0-1"]
[WhiteElo "1774"]
[BlackElo "1925"]
[PlyCount "118"]
[EventDate "1999.06.??"]
[EventType "swiss"]
[EventRounds "7"]
[EventCountry "GER"]
[SourceTitle "EXT 2006"]
[Source "ChessBase"]
[SourceDate "2005.11.24"]
[SourceVersion "1"]
[SourceVersionDate "2005.11.24"]
[SourceQuality "1"]

1. Nf3 d5 2. b3 c5 3. Bb2 Nc6 4. g3 f6 5. d3 e5 6. Nbd2 Be6 7. Bg2 Rc8 8. 0-0 Nge7 9. Re1 Ng6 10. h4 Bd6 11. e4 d4 12. h5 Nge7 13. Nh2 Qd7 14. g4 g6 15. Kh1 0-0 16. Rg1 Kh8 17. Ndf1 gxh5 18. gxh5 Bh3 19. Bxh3 Qxh3 20. Rg3 Qe6 21. a3 f5 22. Nd2 Rg8 23. Qf3 f4 24. Rxg8+ Rxg8 25. Rg1 Rxg1+ 26. Kxg1 Ng8 27. Qg4 Qxg4+ 28. Nxg4 Kg7 29. Kg2 Nf6 30. Nxf6 Kxf6 31. Nf3 b5 32. Kh3 Na5 33. Bc1 c4 34. b4 Nb7 35. Bd2 c3 36. Be1 a5 37. Kg4 axb4 38. axb4 Bxb4 39. Ng5 h6 40. Nh3 Ba3 41. f3 Ke6 42. Ng1 Bf8 43. Ne2 b4 44. Nc1 Nd6 45. Nb3 Nb5 46. Bf2 Be7 47. Kh3 Bf6 48. Kg4 Be7 49. Kh3 Na3 50. Kg4 Nxc2 51. Kh3 Na3 52. Kg4 Nb5 53. Be1 Nc7 54. Bf2 Na6 55. Bxd4 exd4 56. Nxd4+ Ke5 57. Nb3 Bc5 58. Kh3 Be3 59. Kg2 Nc5 0-1

[Event "Brandenburg-ch Seniors 07th"]
[Site "Uckley"]
[Date "1999.??.??"]
[Round "4"]
[White "Meiling, Hermann"]
[Black "Wolf, Alfred"]
[Result "1-0"]
[WhiteElo "1925"]
[BlackElo "1838"]
[PlyCount "97"]
[EventDate "1999.06.??"]
[EventType "swiss"]
[EventRounds "7"]
[EventCountry "GER"]
[SourceTitle "EXT 2006"]
[Source "ChessBase"]
[SourceDate "2005.11.24"]
[SourceVersion "1"]
[SourceVersionDate "2005.11.24"]
[SourceQuality "1"]

1. d4 f5 2. Nf3 g6 3. c4 Bg7 4. Nc3 Nf6 5. Bg5 d6 6. Bxf6 Bxf6 7. e4 fxe4 8. Nxe4 0-0 9. Nxf6+ exf6 10. Be2 Nc6 11. 0-0 b6 12. d5 Ne5 13. Nd4 Bd7 14. f4 Nf7 15. f5 gxf5 16. Bd3 Qe7 17. Bxf5 Ne5 18. Qh5 Qf7 19. Qh3 Kh8 20. Rf4 Bxf5 21. Nxf5 Rae8 22. Raf1 Qd7 23. Qc3 Ng6 24. R4f2 Re5 25. Nd4 Qg4 26. Ne6 Rf7 27. Nd8 Rf8 28. Nc6 Re2 29. Rxe2 Qxe2 30. Rxf6 Kg8 31. Rxf8+ Nxf8 32. h3 Nd7 33. Qg3+ Kh8 34. Qg5 Qe8 35. Nxa7 Ne5 36. Qf6+ Kg8 37. b3 Qa8 38. Qe6+ Kf8 39. Qc8+ Qxc8 40. Nxc8 Ke8 41. Na7 Kd7 42. Nb5 c6 43. Nc3 Nd3 44. Kf1 Nf4 45. Kf2 Kc7 46. Kf3 Ng6 47. Ke4 Kd7 48. g3 Ne7 49. Kf4 1-0